Utopia de la comunicacion social cristiana (La)-Vision teologico-pastoral (Record n. 63164)

Dettagli MARC
000 -LEADER
fixed length control field 01034nam a2200301Ia 4500
001 - CONTROL NUMBER
control field 74395
003 - CONTROL NUMBER IDENTIFIER
control field IT-RoPAU
008 - FIXED-LENGTH DATA ELEMENTS--GENERAL INFORMATION
fixed length control field 130308s9999 xx 000 0 und d
040 ## - CATALOGING SOURCE
Original cataloging agency IT-RoPAU
040 ## - CATALOGING SOURCE
Transcribing agency IT-RoPAU
041 ## - LANGUAGE CODE
Language code of text/sound track or separate title SPAGNOLO
999 ## - SYSTEM CONTROL NUMBERS (KOHA)
Koha Dewey Subclass [OBSOLETE] SI
100 ## - MAIN ENTRY--PERSONAL NAME
Personal name Ysern De Arce Juan Luis
100 ## - MAIN ENTRY--PERSONAL NAME
Miscellaneous information Codice Aut. SPICS: 25950
245 ## - TITLE STATEMENT
Title Utopia de la comunicacion social cristiana (La)-Vision teologico-pastoral
245 ## - TITLE STATEMENT
Remainder of title Teoria Y praxis de la Iglesia Latinoamericana En comunicaciones Sociales-Dossier
250 ## - EDITION STATEMENT
Edition statement 1a ed.
260 ## - PUBLICATION, DISTRIBUTION, ETC. (IMPRINT)
Place of publication, distribution, etc. BOGOTA'
260 ## - PUBLICATION, DISTRIBUTION, ETC. (IMPRINT)
Name of publisher, distributor, etc. Decos/Celam
260 ## - PUBLICATION, DISTRIBUTION, ETC. (IMPRINT)
Date of publication, distribution, etc. 1988 [1° Ed.:1988 - Ed.Ling.Originale:1988]
300 ## - PHYSICAL DESCRIPTION
Extent "15 p. (prefazione: no ; testo: 15 [pagine: 83-97])"
500 ## - GENERAL NOTE
General note Utopia della Comunicazione Sociale Cristiana Visione Teologico Pastorale Creazione e liberazione speranza del Genere Umano mezzi di Comunicazione Sociale
650 ## - SUBJECT ADDED ENTRY--TOPICAL TERM
Topical term or geographic name as entry element COMMENTI AI DOCUMENTI ECCLESIASTICI
650 ## - SUBJECT ADDED ENTRY--TOPICAL TERM
Relator term Codice materia Spics: 9102
942 ## - ADDED ENTRY ELEMENTS (KOHA)
Koha item type LIBRO
957 ## -
-- 1
999 ## - SYSTEM CONTROL NUMBERS (KOHA)
-- 1
Dati di copia
Withdrawn status Lost status Damaged status Not for loan Home library Current library Date acquired Total Checkouts Full call number Date last seen Price effective from Koha item type Public note
    Buone Condizioni Not For Loan SPICS-MEDIATECA SPICS-MEDIATECA 08/03/2013   74395 08/03/2013 08/03/2013 LIBRO Progressivo inserimento: 57100 / N. Volumi: 0 [=Contributo] Copie: 1 Copia Rara: SI / data import: 1 marzo 2013 - By Epidotti, Trombetti, Vaglietti.
CREDITS: SOCIETA' SAN PAOLO Via A.Severo, 58 - ROMA (RM) & PERIODICI SAN PAOLO SRL Via Giotto, 36 MILANO & CISF Via Giotto, 36 MILANO & EDIZIONI SAN PAOLO SRL,  Piazza Soncino, 5 CINISELLO BALSAMO (MI) -- ITALY